Patrañas [juego] : pura invención /

Guardado en:
Formato: Objeto Físico
Publicado: Argentina : Intel gráfica, [199?]
Materias:
Etiquetas: Agregar Etiqueta
Sin Etiquetas, Sea el primero en etiquetar este registro!
LEADER 00900nrm a22001695g 4500
001 CEM.cems019149
008 130507b199?##################0###0#####d
005 20220829195643.0
003 CEMS
245 0 0 |a Patrañas [juego] :  |b pura invención /  |c Yetem. 
260 |a Argentina :  |b Intel gráfica,  |c [199?] 
300 |a 1 juego (1 tablero, 1 reloj de arena de uno y medio minuto de duración, 1 block de hojas p.ara definiciones, 8 p.eones, 330 tarjetas con 6 palabras cada una) ; en caja 35 x 24 x 8 cm. + manual de instrucciones. 
500 |a Para 2 a 8 jugadores a partir de 10 años y adultos objetivo:llegar al final del tablero patrañando sobre las palabras y su significado por lo cual ganaría el más hábil patrañero. 
082 0 4 |a J793.734 
653 |a 1.juegos de formación de palabras y definiciones 
653 |a 2. juegos de palabras 
859 |a CEMS  |b BIB. CEMS - Ludoteca  |h J793.734  |i Y48  |p 046.92  |t Ej.1